Chinese business in southeast Asia contesting cultural explanations, researching entrepreneurship /

Bibliographic Details
Corporate Author: ProQuest (Firm)
Other Authors: Gomez, Edmund Terence., Xiao, Xinhuang.
Format: Electronic eBook
Language:English
Published: London : RoutledgeCurzon, 2004.
Edition:[New ed.].
Subjects:
Online Access:Click to View
LEADER 01473nam a2200385Ia 4500
001 EBC1074968
003 MiAaPQ
005 20200520144314.0
006 m o d |
007 cr cn|||||||||
008 050504s2004 enk sb 001 0 eng d
010 |z  2005274441 
020 |z 9780203060278 
020 |z 9780415326223 (pbk.) 
035 |a (MiAaPQ)EBC1074968 
035 |a (Au-PeEL)EBL1074968 
035 |a (CaPaEBR)ebr10630783 
035 |a (CaONFJC)MIL415860 
035 |a (OCoLC)821173933 
040 |a MiAaPQ  |c MiAaPQ  |d MiAaPQ 
043 |a a-cc---  |a as----- 
050 4 |a HB615  |b .C626 2004 
245 0 0 |a Chinese business in southeast Asia  |h [electronic resource] :  |b contesting cultural explanations, researching entrepreneurship /  |c [edited by] Edmund Terence Gomez and Hsin-Huang Michael Hsiao. 
250 |a [New ed.]. 
260 |a London :  |b RoutledgeCurzon,  |c 2004. 
300 |a xiii, 205 p. 
504 |a Includes bibliographical references (p. 175-201) and index. 
533 |a Electronic reproduction. Ann Arbor, MI : ProQuest, 2015. Available via World Wide Web. Access may be limited to ProQuest affiliated libraries. 
650 0 |a Entrepreneurship  |z China. 
650 0 |a Corporations, Chinese  |z Southeast Asia. 
655 4 |a Electronic books. 
700 1 |a Gomez, Edmund Terence. 
700 1 |a Xiao, Xinhuang. 
710 2 |a ProQuest (Firm) 
856 4 0 |u https://ebookcentral.proquest.com/lib/matrademy/detail.action?docID=1074968  |z Click to View